| 000 | 00371nam a22001457a 4500 | ||
|---|---|---|---|
| 005 | 20251007123056.0 | ||
| 008 | 250929b |||||||| |||| 00| 0 eng d | ||
| 020 | _a978-93-48189-60-8 | ||
| 041 | _aeng | ||
| 100 |
_aCHATURVEDI, PHANEEDRA NATH _98705 |
||
| 245 | _aHAMARE RASHTRA NIRMATA | ||
| 260 |
_aUTTAR PRADESH _bAKSHAR PLANT _c2024 |
||
| 300 | _a364;P | ||
| 942 | _cBK | ||
| 999 |
_c8848 _d8846 |
||